| 000 | 00534nam a22001937a 4500 | ||
|---|---|---|---|
| 003 | KOHA_MİRAKIL | ||
| 005 | 20251218101336.0 | ||
| 008 | 251218b tu ||||| |||| 00| 0 tur d | ||
| 020 | _a9786058838307 | ||
| 040 |
_aTR-AnABB _btur _cTR-AnABB |
||
| 041 | _atur | ||
| 082 |
_a956.1023 _bMUR 2015 |
||
| 100 | 1 | _aMursaloğlu, Mehmet, | |
| 245 | 1 | 0 |
_aSancak, devlet, millet / _cMehmet Mursaloğlu |
| 260 |
_aHatay : _bColor Ofset, _c2015 |
||
| 300 |
_a560 sayfa ; _c27 cm |
||
| 650 | 0 | 4 | _aKurtuluş Savaşı |
| 942 |
_2ddc _cBK |
||
| 999 |
_c9755 _d9755 |
||
| 900 | _bGizem YORULMAZ | ||